000 00650nam a22002057a 4500
005 20141121144443.0
010 _aENG-111295
020 _a9789383252145
_c395.00
035 _aEN-94827
037 _bDBAD/PUB
082 _a338.954123
245 _aChallenges of inclusive development :
_cedited by B. Saikia [and] D. Lahkar
_ba perspective from the grassroots /
260 _aGuwahati
_bEBH Publishers
_c2014
270 _a136, M.L. Nehru Road, Panbazar
_bGuwahati
_e781001
300 _axxii,78p.
_c23cm(Hb)
500 _aIncludes index
700 _aSaikia, B.
700 _aLahkar, D.
942 _2ddc
_cEN
_mCHA
_h338.954123
999 _c90165
_d90165